Animals in Japanese - Statistics

General Stats
  • This quiz has been taken 718 times
  • The average score is 9 of 15
Answer Stats
日本語 Roomaji English % Correct
ねこ neko cat
100%
いぬ inu dog
99%
きつね kitsune fox
77%
うま uma horse
73%
くま kuma bear
70%
ぶた buta pig
68%
うし ushi cow
67%
へび hebi snake
60%
とら tora tiger
60%
ねずみ nezumi mouse
58%
さめ same shark
33%
たぬき tanuki raccoon dog
27%
くじら kujira whale
27%
あひる ahiru duck
25%
あり ari ant
18%
No matching quizzes found
Score Distribution
Percent of People with Each Score
Percentile by Number Answered
Your Score History
You have not taken this quiz